Normal view
MARC view
- فريحات، حكمت عبدالكريم / م مشارك عودة ابو الجواد ابوسنينة
Entry Personal Name
001 - CONTROL NUMBER
- control field: 40356
003 - CONTROL NUMBER IDENTIFIER
- control field: JO-AjAnu
005 - DATE AND TIME OF LATEST TRANSACTION
- control field: 20230606080714.0
008 - FIXED-LENGTH DATA ELEMENTS
- fixed length control field: 230606|| aca||aabn | a|a d
040 ## - CATALOGING SOURCE
- Original cataloging agency: JO-AjAnu
- Transcribing agency: JO-AjAnu
100 ## - HEADING--PERSONAL NAME
- Personal name: فريحات، حكمت عبدالكريم / م مشارك عودة ابو الجواد ابوسنينة
670 ## - SOURCE DATA FOUND
- Source citation: Work cat.: (JO-AjAnu)20688: فريحات، حكمت عبدالكريم / م مشارك عودة ابو الجواد ابوسنينة, author, صحة الطفل وتغذيته